| 000 | 00430nam a2200169Ia 4500 | ||
|---|---|---|---|
| 008 | 230711s9999||||xx |||||||||||||| ||und|| | ||
| 020 | _a81-7488-587-7 | ||
| 041 | _aENG | ||
| 082 |
_a330 _bRE-C |
||
| 100 | _aReddy, P Parvatha | ||
| 245 | 0 | _aCooperatives and Rural Development | |
| 260 |
_c1997 _aNew Delhi _bAnmol Publication(P) Ltd. |
||
| 300 | _a299p. | ||
| 650 | _aAgriculture | ||
| 700 | _aReddy, A. Reddeppa | ||
| 942 | _cBK | ||
| 999 |
_c7536 _d7536 |
||